书目信息 |
| 题名: |
新型农村社会养老保险风险识别与防范研究
|
|
| 作者: | 何晖 著 | |
| 分册: | ||
| 出版信息: | 北京 中国社会科学出版社 2020 |
|
| 页数: | 360页 | |
| 开本: | 24cm | |
| 丛书名: | ||
| 单 册: | ||
| 中图分类: | F842.612 | |
| 科图分类: | ||
| 主题词: | 农村--社会养老保险--风险管理--研究--中国 | |
| 电子资源: | ||
| ISBN: | 978-7-5203-6304-4 | |
| 000 | 00935nam0 2200229 450 | |
| 001 | 202021044808 | |
| 005 | 20211025120153.0 | |
| 010 | @a978-7-5203-6304-4@dCNY139.00 | |
| 100 | @a20211006d2020 em y0chiy50 ea | |
| 101 | 0 | @achi |
| 102 | @aCN@b110000 | |
| 105 | @ay z 000yy | |
| 106 | @ar | |
| 200 | 1 | @a新型农村社会养老保险风险识别与防范研究@f何晖著@Axin xing nong cun she hui yang lao bao xian feng xian shi bie yu fang fan yan jiu |
| 210 | @a北京@c中国社会科学出版社@d2020 | |
| 215 | @a360页@d24cm | |
| 300 | @a国家社科基金项目“新型农村社会养老保险风险识别与防范研究”最终成果 | |
| 330 | @a本书共十二章,内容包括:新型农村社会养老保险风险识别与防范的理论分析、新型农村社会养老保险风险的形成机理与识别步骤、新型农村社会养老保险风险因素初步识别与筛选等。 | |
| 606 | 0 | @a农村@x社会养老保险@x风险管理@x研究@y中国 |
| 690 | @aF842.612@v5 | |
| 701 | 0 | @a何晖@c(管理学)@4著@Ahe hui |
| 905 | @a河南城建学院图书馆@dF842.612@eH173 | |
| 新型农村社会养老保险风险识别与防范研究/何晖著.-北京:中国社会科学出版社,2020 |
| 360页;24cm |
| 国家社科基金项目“新型农村社会养老保险风险识别与防范研究”最终成果 |
| ISBN 978-7-5203-6304-4:CNY139.00 |
| 本书共十二章,内容包括:新型农村社会养老保险风险识别与防范的理论分析、新型农村社会养老保险风险的形成机理与识别步骤、新型农村社会养老保险风险因素初步识别与筛选等。 |
| ● |
| 相关链接 |
|
|
|
正题名:新型农村社会养老保险风险识别与防范研究
索取号:F842.612/H173
 
预约/预借
| 序号 | 登录号 | 条形码 | 馆藏地/架位号 | 状态 | 备注 |
| 1 | 1544376 | 215443768 | 社科库409/409社科库 55排4列2层/ [索取号:F842.612/H173] | 在馆 |